Music Quiz

Random Music or Rock Quiz

80's rock Quiz Stats

 Plays Quiz not verified by Sporcle

Support Sporcle.
Go Orange.
Score 0/10 Timer 10:00
0 Plays Today
% Correct
def leppard
93.6%
guns n roses
91.9%
whitesnake
88.7%
bon jovi
84.9%
bon jovi
84.4%
bonjovi
84%
bon jovi
83.2%
aerosmith
82.9%
aerosmith
81.7%
the rolling stones
80%

You're not logged in!

Compare scores with friends on all Sporcle quizzes.
OR
Log In
Remove Ads.
Support Sporcle.
Get the best of Sporcle when you Go Orange. This ad-free experience offers more features, more stats, and more fun while also helping to support Sporcle. Thank you for becoming a member.

Show Comments

Extras

Created Oct 4, 2013ReportNominate
Tags:Clickable Quiz, Rock Quiz

Top Quizzes Today


Score Distribution

Your Account Isn't Verified!

In order to create a playlist on Sporcle, you need to verify the email address you used during registration. Go to your Sporcle Settings to finish the process.

Report this User

Report this user for behavior that violates our Community Guidelines.

Details: